[Event "Maastricht Limburg op-C 5th"]
[Site "Maastricht"]
[Date "2011.06.10"]
[Round "1"]
[White "Mollema, Henk"]
[Black "Daemen, Jules"]
[Result "0-1"]
[WhiteElo "1397"]
[BlackElo "1629"]
[PlyCount "36"]
[EventDate "2011.06.10"]
[EventType "swiss"]
[EventRounds "7"]
[EventCountry "NED"]
[SourceTitle "EXT 2012"]
[Source "ChessBase"]
[SourceDate "2011.11.24"]
[SourceVersion "1"]
[SourceVersionDate "2011.11.24"]
[SourceQuality "1"]

1. e4 d5 2. exd5 Nf6 3. c4 c6 4. Nc3 cxd5 5. d4 Nc6 6. Nf3 Bg4 7. Be2 e6 8. Be3 Be7 9. b4 Bxb4 10. Qb3 Qa5 11. Bd2 Bxf3 12. Bxf3 Nxd4 13. Qb2 Nxf3+ 14. gxf3 dxc4 15. a3 Qe5+ 16. Kf1 Bc5 17. Re1 Qf5 18. Qxb7 0-0 0-1

[Event "Maastricht Limburg op-C 4th"]
[Site "Maastricht"]
[Date "2010.05.24"]
[Round "7"]
[White "Daemen, Jules"]
[Black "Allen, Timothy S"]
[Result "0-1"]
[WhiteElo "1634"]
[BlackElo "1699"]
[PlyCount "72"]
[EventDate "2010.05.21"]
[EventType "swiss"]
[EventRounds "7"]
[EventCountry "NED"]
[SourceTitle "EXT 2011"]
[Source "ChessBase"]
[SourceDate "2010.11.26"]
[SourceVersion "1"]
[SourceVersionDate "2010.11.26"]
[SourceQuality "1"]

1. d4 d5 2. c4 e5 3. dxe5 d4 4. Nf3 Nc6 5. g3 f6 6. exf6 Qxf6 7. Bg2 Be6 8. Bg5 Bb4+ 9. Nbd2 Qg6 10. a3 Be7 11. Bxe7 Ngxe7 12. 0-0 0-0 13. b4 Rad8 14. Nh4 Qh6 15. Be4 Nf5 16. Nxf5 Bxf5 17. Bxc6 Qxc6 18. f3 Qg6 19. Rc1 Rfe8 20. Re1 Re3 21. g4 Be6 22. a4 h5 23. h3 hxg4 24. hxg4 Bxg4 25. Kf2 Qh6 26. Rh1 Qf6 27. Rh2 Rde8 28. Kg1 Bd7 29. Ne4 Qe5 30. Rc2 Bc6 31. Rg2 Bxe4 32. fxe4 Qxe4 33. Rd2 Rd8 34. Rd3 b6 35. Rg3 Rxe2 36. Qb3 Re1+ 0-1

[Event "Maastricht Limburg op-C 4th"]
[Site "Maastricht"]
[Date "2010.05.23"]
[Round "5"]
[White "Daemen, Jules"]
[Black "Sterck, Arno"]
[Result "1-0"]
[WhiteElo "1634"]
[BlackElo "1367"]
[PlyCount "37"]
[EventDate "2010.05.21"]
[EventType "swiss"]
[EventRounds "7"]
[EventCountry "NED"]
[SourceTitle "EXT 2011"]
[Source "ChessBase"]
[SourceDate "2010.11.26"]
[SourceVersion "1"]
[SourceVersionDate "2010.11.26"]
[SourceQuality "1"]

1. d4 d5 2. c4 e5 3. dxe5 d4 4. Nf3 Nc6 5. g3 Nge7 6. Bg2 Ng6 7. Bg5 Be7 8. Bxe7 Ngxe7 9. 0-0 0-0 10. Nbd2 Ng6 11. Nb3 Ngxe5 12. Nxe5 Nxe5 13. Qxd4 Qxd4 14. Nxd4 Nxc4 15. Rfc1 Nxb2 16. Rxc7 Rb8 17. Rb1 Rd8 18. e3 Na4 19. Nc6 1-0

[Event "Maastricht Limburg op-C 4th"]
[Site "Maastricht"]
[Date "2010.05.22"]
[Round "3"]
[White "Heinemans, Nol"]
[Black "Daemen, Jules"]
[Result "1-0"]
[WhiteElo "1680"]
[BlackElo "1634"]
[PlyCount "83"]
[EventDate "2010.05.21"]
[EventType "swiss"]
[EventRounds "7"]
[EventCountry "NED"]
[SourceTitle "EXT 2011"]
[Source "ChessBase"]
[SourceDate "2010.11.26"]
[SourceVersion "1"]
[SourceVersionDate "2010.11.26"]
[SourceQuality "1"]

1. d4 Nf6 2. c4 e5 3. dxe5 Ng4 4. Nf3 Nc6 5. e3 Ngxe5 6. Be2 g6 7. Bd2 Bg7 8. Bc3 0-0 9. 0-0 d6 10. Nxe5 Nxe5 11. Nd2 b6 12. Rc1 Bb7 13. f4 Nd7 14. Bxg7 Kxg7 15. Bf3 Bxf3 16. Rxf3 Qe7 17. Qc2 f5 18. Re1 Rae8 19. h3 Qh4 20. Re2 Nc5 21. Kh2 Ne4 22. Nxe4 Rxe4 23. Qa4 a5 24. Qc2 Rfe8 25. b3 Kf7 26. Qd3 Qf6 27. Qd5+ Kg7 28. Qd2 h6 29. g3 g5 30. fxg5 hxg5 31. Ref2 Kg6 32. Qd3 Qe5 33. Kg2 g4 34. hxg4 fxg4 35. Rf4 Kg5 36. a3 c6 37. Qd1 Qe6 38. Qh1 Kg6 39. Qh4 Rxf4 40. Rxf4 d5 41. Rxg4+ Kf7 42. Qh7+ 1-0